Catálogo
 En Linea
Vista normal Vista MARC

Entrada Nombre de reunión

Número de registros utilizados en: 1

001 - NÚMERO DE CONTROL

  • campo de control: 59818

003 - IDENTIFICADOR DEL NÚMERO DE CONTROL

  • campo de control: OSt

005 - FECHA Y HORA DE LA ÚLTIMA TRANSACCIÓN

  • campo de control: 20200615035126.0

008 - DATOS DE LONGITUD FIJA

  • campo de control de longitud fija: 200615|| aca||aabn | a|a d

040 ## - FUENTE DE LA CATALOGACIÓN

  • Centro catalogador/agencia de origen: OSt
  • Centro/agencia transcriptor: OSt

111 ## - ENCABEZAMIENTO--NOMBRE DE CONGRESO/REUNIÓN

  • Nombre de congreso/reunión o jurisdicción como elemento de entrada: Jornadas Europeas de Voluntariado Cultural
  • Número del congreso/reunión o número de parte o sección: (4: 3-5 de mayo
  • Sede del congreso/Lugar de la reunión: Santiago de Compostela
  • Fecha del congreso/reunión: 1999)

670 ## - FUENTE DE DATOS ENCONTRADOS

  • Cita de la fuente: Work cat.: (OSt)33883: Jornadas Europeas de Voluntariado Cultural (4: 3-5 de mayo Santiago de Compostela 1999), 1V Jornadas de voluntariado cultural., 1999.

Con tecnología Koha